Kiteen kylät - Statistics

Yleistilastot
  • Tätä visaa on pelattu 6 kertaa
  • Keskiarvotulos 8 / 53
Vastaustilastot
Kylä % Oikein
Kesälahti Kesälahti
83%
Kitee Kiteenkylä
83%
Kitee Kiteenlahti
50%
Kitee Puhos
50%
Kitee Ruppovaara
50%
Kitee Haarajärvi
33%
Kesälahti Hummovaara
33%
Kitee Juurikka
33%
Kitee Kunonniemi
33%
Kitee Loukunvaara
33%
Kitee Närsäkkälä
33%
Kitee Potoskavaara
33%
Kitee Puhossalo
33%
Kitee Taipale
33%
Kitee Tolosenmäki
33%
Kesälahti Villala
33%
Kesälahti Marjoniemi
17%
Kitee Muljula
17%
Kitee Ojamäki
17%
Kitee Rokkala
17%
Kesälahti Ruokkee
17%
Kesälahti Sarvisalo
17%
Kitee Säynejärvi
17%
Kitee Suoparsaari
17%
Kitee Suorlahti
17%
Kitee Haapasalo
0%
Kitee Hammaskallio
0%
Kitee Heinoniemi
0%
Kitee Himo
0%
Kitee Huikkola
0%
Kitee Jaakkima
0%
Kitee Kantosyrjä
0%
Kitee Kontiola
0%
Kitee Lahdenkylä
0%
Kitee Leinovaara
0%
Kesälahti Mehonmäki
0%
Kitee Misola
0%
Kitee Niinikumpu
0%
Kitee Nivunki
0%
Kitee Päätye
0%
Kitee Piimäjärvi
0%
Kesälahti Rajavaara
0%
Kesälahti Rasti-Salokylä
0%
Kitee Riihijärvi
0%
Kesälahti Ristlahti-Purujärvi
0%
Kitee Särkijärvi
0%
Kitee Satulavaara
0%
Kesälahti Suurikylä
0%
Kitee Tasapää
0%
Kesälahti Totkunniemi
0%
Kitee Välivaara
0%
Kesälahti Varmo
0%
Kitee Varmoniemi
0%
Ehtoja vastaavia visoja ei löytynyt
Tulosjakauma
Jokaisen tuloksen saaneiden osuus
Persentiili vastausten määrän mukaan
Tuloshistoriasi
Et ole pelannut tätä visaa